000 00307 a2200133 4500
001 62694
020 _a9788539400430
040 _cAnchieta - Pituba
240 1 0 _aContos para meninos, volume 2
_lpor
245 1 0 _aContos para meninos, volume 2
300 _a61
650 4 _aLiteratura juvenil
942 _cBK
999 _c62694
_d62694